| 000 | 00834nam a2200121Ia 4500 | ||
|---|---|---|---|
| 008 | 220616s9999||||xx |||||||||||||| ||und|| | ||
| 100 | _aShute, Valerie||Ventura, Matthew | ||
| 245 | 0 |
_aStealth Assessment _bMeasuring and Supporting Learning in Video Games |
|
| 546 | _aEnglish[eng] | ||
| 650 | _atesting||educational assessment||alternative assessment techniques||testing methods||student evaluation||student testing||educational games||learning games||game studies||games in education||performance-based assessments||digital games and learning||embedded assessment||digital games||games in schools | ||
| 856 | _uhttps://library.oapen.org/bitstream/20.500.12657/26058/1/1004027.pdf||https://library.oapen.org/bitstream/20.500.12657/26058/1/1004027.pdf||https://library.oapen.org/bitstream/20.500.12657/26058/1/1004027.pdf | ||
| 942 | _cEB | ||
| 999 |
_c19838 _d19838 |
||